000 00450cam a22001217a 4500
008 180718b1965 xxu||||| |||| 00| 0 eng d
082 _aA81x54 In2/61/20/Pt6/14
100 _aCensus of India 1961
245 _aHimachal Pradesh: a village survey of Chauntra (Jogindar Nagar tehsil, Mandi district)
260 _aDelhi
_bThe Manager of Publications
_c1965
300 _a70+p.
440 _aCensus of India 1961. Volume XX, Himachal Pradesh. Part VI-No. 14
999 _c484154
_d484154